| 000 | 01115nam a22002657a 4500 | ||
|---|---|---|---|
| 999 |
_c21147 _d21147 |
||
| 003 | AR-CdUCM | ||
| 008 | 190227b ||||| |||| 00| 0 spa d | ||
| 020 | _a9786124737220 | ||
| 040 |
_aMUNICIPALIDAD PROVINCIAL DEL CUSCO _cBIBLIOTECA MUNICIPAL DEL CUSCO |
||
| 082 |
_a985.01 / _bG24 |
||
| 100 |
_aGarcilaso de la Vega, Inca _92774 |
||
| 245 |
_aComentarios reales de los incas / _cInca Garcilaso de la Vega |
||
| 260 |
_aCusco : _bKuskin, _c2017. |
||
| 300 |
_a212 páginas ; _bilustraciones en color, _c20 cm. |
||
| 500 | _aCon ilustraciones en color del cronista Guaman Poma de Ayala. | ||
| 505 | _a [Libro primero al libro noveno] Manco Cápac -- Sinchi Roca -- Lloque Yupanqui -- Mayta Capac -- Cápac Yupanqui -- Inca roca -- Yawar Huaca -- Viracocha -- Pachacuteq -- Inca Yupanqui -- Túpac yupanqui -- Huaina Capac -- Huascar -- Atahuallpa ... | ||
| 650 |
_aCrónicas _944159 |
||
| 650 |
_aCronistas peruanos _924989 |
||
| 650 |
_aCrónicas peruanas _93130 |
||
| 650 |
_aHistoria de los Incas _91515 |
||
| 650 |
_aInkas _91899 |
||
| 650 |
_aIncas _9303 |
||
| 942 |
_2ddc _cLIBROS |
||
| 945 | _aRoel | ||